How to use the internet in ELT
Gardado en:
| Autor Principal: | |
|---|---|
| Formato: | Libro |
| Idioma: | Undetermined |
| Publicado: |
Harlow, Eng
Pearson Education
2000
|
| Những chủ đề: | |
| Các nhãn: |
Engadir etiqueta
Sen Etiquetas, Sexa o primeiro en etiquetar este rexistro!
|
| Thư viện lưu trữ: | Trung tâm Học liệu Trường Đại học Cần Thơ |
|---|
| LEADER | 00552nam a2200205Ia 4500 | ||
|---|---|---|---|
| 001 | CTU_65765 | ||
| 008 | 210402s9999 xx 000 0 und d | ||
| 020 | |b 258000 | ||
| 082 | |a 428.24 | ||
| 082 | |b T258 | ||
| 100 | |a Dede Teeler | ||
| 245 | 0 | |a How to use the internet in ELT | |
| 245 | 0 | |c Dede Teeler and Peta Gray | |
| 260 | |a Harlow, Eng | ||
| 260 | |b Pearson Education | ||
| 260 | |c 2000 | ||
| 650 | |a english language | ||
| 650 | |x textbooks for foreign speakers | ||
| 904 | |i Minh | ||
| 980 | |a Trung tâm Học liệu Trường Đại học Cần Thơ | ||